Technique microbiologique et sirothérapique (Registro nro. 33317)
[ vista simple ]
| 000 -LEADER | |
|---|---|
| campo de control de longitud fija | 00716nam a2200217 i 4500 |
| 001 - NÚMERO DE CONTROL | |
| campo de control | 33317 |
| 003 - IDENTIFICADOR DE NÚMERO DE CONTROL | |
| campo de control | ES-MaACL |
| 005 - FECHA Y HORA DE LA ÚLTIMA TRANSACCIÓN | |
| campo de control | 20230906154733.0 |
| 007 - CAMPO FIJO DE DESCRIPCIÓN FÍSICA--INFORMACIÓN GENERAL | |
| campo de control de longitud fija | t| |
| 008 - DATOS DE LONGITUD FIJA--INFORMACIÓN GENERAL | |
| campo de control de longitud fija | 030202s1911 fr ||||1| fre d |
| 080 ## - NÚMERO DE LA CLASIFICACIÓN DECIMAL UNIVERSAL | |
| Número de la Clasificación Decimal Universal | 579.08 |
| 080 ## - NÚMERO DE LA CLASIFICACIÓN DECIMAL UNIVERSAL | |
| Número de la Clasificación Decimal Universal | 615.373 |
| 100 1# - ENTRADA PRINCIPAL--NOMBRE DE PERSONA | |
| Nombre de persona | Besson, Albert. |
| 9 (RLIN) | 28604 |
| 245 10 - MENCIÓN DEL TÍTULO | |
| Título | Technique microbiologique et sirothérapique |
| Resto del título | : guide du Médecin et du Vétérinaire pour les travaux de laboratoire / |
| Mención de responsabilidad, etc. | par Albert Besson. |
| 250 ## - MENCION DE EDICION | |
| Mención de edición | 5eme ed. ref. et aug. |
| 260 ## - PUBLICACIÓN, DISTRIBUCIÓN, ETC. | |
| Lugar de publicación, distribución, etc. | París : |
| Nombre del editor, distribuidor, etc. | J.B. Baillière et Fils, |
| Fecha de publicación, distribución, etc. | 1911 ( |
| Lugar de fabricación/manufactura | Corbeil : |
| Fabricante | Crété) |
| 300 ## - DESCRIPCIÓN FÍSICA | |
| Extensión | V, 886 p. : |
| Otras características físicas | il. ; |
| Dimensiones | 24 cm. |
| 650 04 - PUNTO DE ACCESO ADICIONAL DE MATERIA--TÉRMINO DE MATERIA | |
| Término de materia o nombre geográfico como elemento de entrada | Microbiología médica. |
| 9 (RLIN) | 15025 |
| 650 04 - PUNTO DE ACCESO ADICIONAL DE MATERIA--TÉRMINO DE MATERIA | |
| Término de materia o nombre geográfico como elemento de entrada | Seroterapia. |
| 9 (RLIN) | 17057 |
| 852 ## - LOCALIZACIÓN | |
| Ubicación | ES-MaACL |
| Número de control de estantería | E-598 |
| Estatus retirado | Estado de pérdida | Estado de daño | No para préstamo | Biblioteca de origen | Biblioteca actual | Ubicación en estantería | Fecha de adquisición | Fuente de adquisición | Total de préstamos | Signatura topográfica completa | Código de barras | Visto por última vez | Precio de reemplazo | Tipo de ítem Koha |
|---|---|---|---|---|---|---|---|---|---|---|---|---|---|---|
| Biblioteca del Ateneo de Madrid | Biblioteca del Ateneo de Madrid | Depósito 2 | 17/01/2008 | E-598 | 1034647 | 23/02/2023 | 23/02/2023 | Libro impreso |
